Tous les pays communistes à ce jour. - Statistiques

Statistiques générales
  • Ce quiz a été pris 103 fois
  • Le résultat moyen est 5 sur 5
Statistiques - réponses
Par images Réponse % Correct
Chine
100%
Cuba
98%
Vietnam
98%
Corée du Nord
96%
Laos
89%
Aucun quiz correspondant
Distribution des résultats
% des personnes avec chaque résultat
Percentile par nombre de réponses
Votre historique - résultats
Vous n’avez pas pris ce quiz